00395 2200157 4500001002100000008004100021035002000062245003000082100001500112260003200127300002200159020002200181084001400203082000800217990001200225INLIS000000000002764 IND  a0010-0925000111 aCinta PertamacNuniek K.R aNuniek K.R aJakartabRumah Oranyec2013 a208c(13 x 19 cm) a978-602-1588-25-3 a813 K.R c a813 a0754986